00425nam a2200121 a 4500008004100000020001800041050001500059100002400074245011300098260002100211300003400232650003700266211027s2012 xx |||||||||||||| || u a9780988359901 aHM 742 Mil aMillington, Richard10aBuzzing communities : how to build bigger, better, and more active online communitiescBy Richard Millington abFeverBeec2012 axvi, 291 pages : illustration aONLINE SOCIAL NETWORKS--PLANNING